La economía mexicana: su estructura y crecimiento en el siglo XX
Uloženo v:
| Hlavní autor: | |
|---|---|
| Médium: | Kniha |
| Jazyk: | španělština |
| Vydáno: |
Ciudad de México
Centro Regional de Ayuda Técnica
1973
Ciudad de México AID 1973 |
| Témata: | |
| Tagy: |
Přidat tag
Žádné tagy, Buďte první, kdo vytvoří štítek k tomuto záznamu!
|
MARC
| LEADER | 00000nam a2200000 a 4500 | ||
|---|---|---|---|
| 001 | UCR8618 | ||
| 003 | CL-VaPUC | ||
| 008 | 980529e19730000mx |||||||||||||||||spa|d | ||
| 082 | 0 | 4 | |a 330.972 |b REY |2 21 |
| 100 | 0 | |a Reynolds, Clark W |e author |9 410594 | |
| 245 | 1 | 3 | |a La economía mexicana: su estructura y crecimiento en el siglo XX |
| 300 | |a 521 p | ||
| 942 | |c BK | ||
| 945 | |d 19980529 00:00:00 |a crobeson | ||
| 260 | |a Ciudad de México |b Centro Regional de Ayuda Técnica |c 1973 | ||
| 260 | |a Ciudad de México |b AID |c 1973 | ||
| 650 | 0 | |a Historia económica |9 307218 | |
| 650 | 0 | |a Política económica |9 255029 | |
| 650 | 0 | |a Crecimiento económico |9 314037 | |
| 651 | 0 | |a México |9 255269 | |
| 583 | |a last modification |c 20130816 05:08:17 |k Rodrigo Vera | ||
| 999 | |c 270016 |d 270014 | ||
| 952 | |0 0 |1 0 |4 0 |6 330_972000000000000_REY_1973_1973 |7 0 |8 A |9 304118 |a BIBENE |b BIBENE |d 2019-11-20 |i 1403508 |o 330.972 REY 1973 1973 |p 1403508 |r 2025-01-15 |w 2019-11-20 |y BK |k ICO | ||